Normal view
MARC view
- Javad,qazi
Entry Personal Name
001 - CONTROL NUMBER
- control field: 15133
003 - CONTROL NUMBER IDENTIFIER
- control field: NUST
005 - DATE AND TIME OF LATEST TRANSACTION
- control field: 20190620053439.0
008 - FIXED-LENGTH DATA ELEMENTS
- fixed length control field: 190620|| aca||aabn | a|a d
040 ## - CATALOGING SOURCE
- Original cataloging agency: NUST
- Transcribing agency: NUST
100 ## - HEADING--PERSONAL NAME
- Personal name: Javad,qazi
670 ## - SOURCE DATA FOUND
- Source citation: Work cat.: (NUST): Javad,qazi, Hindi Muslim Tahzeeb /, 1995.
